|
|
|
|
| LEADER |
01004nam a2200277 a 4500 |
| 001 |
4078470 |
| 008 |
091012s1973 nyua b 000 0 eng d |
| 010 |
|
|
|a 72012743
|
| 020 |
|
|
|a 0070316562
|
| 040 |
|
|
|a DLC
|c DLC
|d DLC
|
| 082 |
0 |
0 |
|a 362.1/4
|2 17
|
| 100 |
1 |
|
|a Hymovich, Debra P.
|
| 245 |
1 |
0 |
|a Family health care.
|c Debra P. Hymovich and Martha Underwood Barnard.
|
| 260 |
|
|
|a New York,
|b McGraw-Hill
|c 1973
|
| 300 |
|
|
|a xviii, 462 p.
|b illus.
|c 23 cm.
|
| 504 |
|
|
|a Includes bibliographical references and index.
|
| 541 |
1 |
|
|e 00001516
|
| 650 |
|
0 |
|a Nursing.
|
| 650 |
|
0 |
|a Family medicine.
|
| 650 |
|
0 |
|a Families.
|
| 650 |
|
2 |
|a Family.
|
| 650 |
|
2 |
|a Public health nursing.
|
| 700 |
1 |
|
|a Barnard, Martha Underwood,
|e joint author.
|
| 852 |
4 |
|
|a Ayesha Abed Library
|j General shelf
|
| 999 |
|
|
|c 4929
|d 4929
|
| 952 |
|
|
|0 0
|1 0
|2 ddc
|4 0
|6 362_140000000000000_HYM_1973
|7 0
|9 4746
|a BRACUL
|b BRACUL
|c GEN
|d 2009-10-28
|g 0.00
|l 0
|o 362.14 HYM
|p 3010001516
|r 2009-10-28
|t 1
|w 2009-10-28
|y BK
|x No price found in the accession register.
|